|
|
|
|
| LEADER |
04566nam a22005655i 4500 |
| 001 |
978-3-319-51103-0 |
| 003 |
DE-He213 |
| 005 |
20170812142130.0 |
| 007 |
cr nn 008mamaa |
| 008 |
170221s2017 gw | s |||| 0|eng d |
| 020 |
|
|
|a 9783319511030
|9 978-3-319-51103-0
|
| 024 |
7 |
|
|a 10.1007/978-3-319-51103-0
|2 doi
|
| 040 |
|
|
|d GrThAP
|
| 050 |
|
4 |
|a TK1-9971
|
| 072 |
|
7 |
|a TJK
|2 bicssc
|
| 072 |
|
7 |
|a TEC041000
|2 bisacsh
|
| 082 |
0 |
4 |
|a 621.382
|2 23
|
| 100 |
1 |
|
|a Tomlinson, Martin.
|e author.
|
| 245 |
1 |
0 |
|a Error-Correction Coding and Decoding
|h [electronic resource] :
|b Bounds, Codes, Decoders, Analysis and Applications /
|c by Martin Tomlinson, Cen Jung Tjhai, Marcel A. Ambroze, Mohammed Ahmed, Mubarak Jibril.
|
| 264 |
|
1 |
|a Cham :
|b Springer International Publishing :
|b Imprint: Springer,
|c 2017.
|
| 300 |
|
|
|a XX, 522 p. 134 illus., 82 illus. in color.
|b online resource.
|
| 336 |
|
|
|a text
|b txt
|2 rdacontent
|
| 337 |
|
|
|a computer
|b c
|2 rdamedia
|
| 338 |
|
|
|a online resource
|b cr
|2 rdacarrier
|
| 347 |
|
|
|a text file
|b PDF
|2 rda
|
| 490 |
1 |
|
|a Signals and Communication Technology,
|x 1860-4862
|
| 505 |
0 |
|
|a Part I: Theoretical Performance of Error-Correcting Codes -- Bounds on Error Correction Coding Performance -- Soft and Hard Decision Decoding Performance -- Soft Decision and Quantised Soft Decision Decoding -- Part II: Code Construction -- Cyclotomic Cosets, The Mattson–Solomon Polynomial, Idempotents and Cyclic Codes -- Good Binary Linear Codes -- Lagrange Codes -- Extended BCH -- Reed–Solomon Codes -- Algebraic Geometry Codes -- Algebraic Quasi Cyclic Codes -- Convolutional Codes: A Historical Perspective -- Aalogue BCH Codes -- LDPC Codes -- Part III: Analysis of Codes -- True Search for Stopping Sets for LDPC Codes -- Part IV: Decoders -- Erasures and Error-Correcting Codes -- The Modified Dorsch Decoder -- A Concatenated Error-Correction System Using the |u|u+v| Code Construction -- Part V: Applications -- Combined Error Detection and Error Correction -- Password Correction and Confidential Information Access System -- Variations on the McEliece Public Key Encryption System -- Error-Correcting Codes and Dirty-Paper Coding.
|
| 506 |
0 |
|
|a Open Access
|
| 520 |
|
|
|a This book discusses both the theory and practical applications of self-correcting data, commonly known as error-correcting codes. The applications included demonstrate the importance of these codes in a wide range of everyday technologies, from smartphones to secure communications and transactions. Written in a readily understandable style, the book presents the authors’ twenty-five years of research organized into five parts: Part I is concerned with the theoretical performance attainable by using error correcting codes to achieve communications efficiency in digital communications systems. Part II explores the construction of error-correcting codes and explains the different families of codes and how they are designed. Techniques are described for producing the very best codes. Part III addresses the analysis of low-density parity-check (LDPC) codes, primarily to calculate their stopping sets and low-weight codeword spectrum which determines the performance of th ese codes. Part IV deals with decoders designed to realize optimum performance. Part V describes applications which include combined error correction and detection, public key cryptography using Goppa codes, correcting errors in passwords and watermarking. This book is a valuable resource for anyone interested in error-correcting codes and their applications, ranging from non-experts to professionals at the forefront of research in their field This book is open access under a CC BY 4.0 license.
|
| 650 |
|
0 |
|a Engineering.
|
| 650 |
|
0 |
|a Computer communication systems.
|
| 650 |
|
0 |
|a Coding theory.
|
| 650 |
|
0 |
|a Algorithms.
|
| 650 |
|
0 |
|a Electrical engineering.
|
| 650 |
1 |
4 |
|a Engineering.
|
| 650 |
2 |
4 |
|a Communications Engineering, Networks.
|
| 650 |
2 |
4 |
|a Computer Communication Networks.
|
| 650 |
2 |
4 |
|a Coding and Information Theory.
|
| 650 |
2 |
4 |
|a Algorithms.
|
| 700 |
1 |
|
|a Tjhai, Cen Jung.
|e author.
|
| 700 |
1 |
|
|a Ambroze, Marcel A.
|e author.
|
| 700 |
1 |
|
|a Ahmed, Mohammed.
|e author.
|
| 700 |
1 |
|
|a Jibril, Mubarak.
|e author.
|
| 710 |
2 |
|
|a SpringerLink (Online service)
|
| 773 |
0 |
|
|t Springer eBooks
|
| 776 |
0 |
8 |
|i Printed edition:
|z 9783319511023
|
| 830 |
|
0 |
|a Signals and Communication Technology,
|x 1860-4862
|
| 856 |
4 |
0 |
|u http://dx.doi.org/10.1007/978-3-319-51103-0
|z Full Text via HEAL-Link
|
| 912 |
|
|
|a ZDB-2-ENG
|
| 950 |
|
|
|a Engineering (Springer-11647)
|